| 000 | 01055cam a2200205 i 4500 | ||
|---|---|---|---|
| 005 | 20251208094005.0 | ||
| 008 | 250721s2023 jo gr 000 0 ara d | ||
| 020 | _a9789923291474 | ||
| 082 | 1 | 4 |
_a215.17 _bط ق ا |
| 100 | 1 |
_aطقاطق، محمد محمود ال _eمؤلف. |
|
| 245 | 1 | 2 |
_aالانتصار للعقيدة السنية في بيان لزوم القول بقدم العالم لمذهب الاشاعرة و الماتريدية و الصوفية الاتحادية / _cتأليف محمد محمود آل طقاطق. |
| 250 | _aالطبعة الاولى. | ||
| 264 | 3 | 1 |
_aعمان : _bابصار ناشرون و موزعون، _c2023. |
| 300 | _a629صفحة. | ||
| 500 | _aيتضمن الكتاب ردا على أهم ما جاء في كتاب ( تنزيه الرحمن عن وجوب قيام الحوادث بذته ومن وجوب تسلسل الأكوان). | ||
| 650 | 1 | 7 | _aالفرق الاسلامية السنية. |
| 650 | 1 | 7 | _aدفع المطاعن عن الاسلام. |
| 942 |
_2ddc _cBK |
||
| 999 |
_c146461 _d146461 |
||